[Event "III Open FIDE"]
[Site "Forli' ITA"]
[Date "1990.09.13"]
[Round "6"]
[White "Tatai, Stefano"]
[Black "Bretsnajdr, Vladimir"]
[WhiteElo "2415"]
[BlackElo "2315"]
[Result "1-0"]
[PlyCount "79"]
[EventDate "1990.09.08"]

1. e4 c5 2. Nf3 Nc6 3. d4 cxd4 4. Nxd4 Nf6 5. Nc3 e5 6. Ndb5 d6 7. Bg5 a6 8.
Na3 b5 9. Nd5 Be7 10. Bxf6 Bxf6 11. c3 O-O 12. Nc2 Rb8 13. Be2 Bg5 14. O-O a5
15. Na3 Na7 16. Qb3 Bd7 17. Rad1 g6 18. Nc2 Be6 19. Qa3 Nc6 20. b4 f5 21. Bf3
axb4 22. cxb4 Qd7 23. Qd3 Kh8 24. a3 Rfd8 25. Rfe1 Ne7 26. Nxe7 Qxe7 27. exf5
gxf5 28. Bd5 Bxd5 29. Qxd5 Qc7 30. Ne3 Bxe3 31. Rxe3 f4 32. Red3 Rd7 33. g3
fxg3 34. hxg3 Qd8 35. Qe6 Rb6 36. Rd5 Qc7 37. Qe8+ Kg7 38. Rxe5 Rb8 39. Rg5+
Kf6 40. Qe3 1-0

[Event "III Open FIDE"]
[Site "Forli' ITA"]
[Date "1990.09.13"]
[Round "6"]
[White "Vezzosi, Paolo"]
[Black "Guerra, Ugo"]
[WhiteElo "2325"]
[BlackElo "2340"]
[Result "0-1"]
[PlyCount "80"]
[EventDate "1990.09.08"]

1. c4 Nf6 2. Nc3 e5 3. g3 d5 4. cxd5 Nxd5 5. Bg2 Nb6 6. d3 Be7 7. Be3 O-O 8.
Rc1 Re8 9. Nf3 Nc6 10. O-O Be6 11. a3 f6 12. Ne4 Nd4 13. Nc5 Bxc5 14. Rxc5 Bb3
15. Qd2 c6 16. Re1 Na4 17. Bxd4 exd4 18. Rh5 Qb6 19. Rh4 Rad8 20. Bf1 c5 21. e3
g5 22. Re4 Rxe4 23. dxe4 d3 24. Rc1 Be6 25. Rb1 g4 26. Ne1 c4 27. Qd1 Nc5 28.
Bg2 Nb3 29. Bf1 Nc5 30. Bg2 Qd6 31. Qd2 Bd7 32. Qd1 h5 33. h3 Ba4 34. Qd2 Nb3
35. Qd1 d2 36. Nc2 Na1 37. b3 Bxb3 38. Rxb3 cxb3 39. Nd4 b2 40. hxg4 Qb6 0-1

[Event "III Open FIDE"]
[Site "Forli' ITA"]
[Date "1990.09.14"]
[Round "7"]
[White "Arduman, Can"]
[Black "Oesterle, Peter"]
[WhiteElo "2375"]
[BlackElo "2260"]
[Result "1/2-1/2"]
[PlyCount "47"]
[EventDate "1990.09.08"]

1. d4 Nf6 2. Nf3 c5 3. d5 e6 4. c4 exd5 5. cxd5 d6 6. Nc3 g6 7. e4 Bg7 8. h3
O-O 9. Bd3 Re8 10. O-O b6 11. Re1 a6 12. a4 Ra7 13. Bf4 Rae7 14. Nd2 Nh5 15.
Bg5 f6 16. Be3 f5 17. exf5 Nf4 18. Bc2 gxf5 19. Nf3 Ng6 20. Qd2 Nd7 21. Bxf5
Nde5 22. Nxe5 Nxe5 23. Bxc8 Qxc8 24. Qc2 1/2-1/2

[Event "III Open FIDE"]
[Site "Forli' ITA"]
[Date "1990.09.14"]
[Round "7"]
[White "Berg, Klaus"]
[Black "Votruba, Pavel"]
[WhiteElo "2445"]
[BlackElo "2315"]
[Result "1/2-1/2"]
[PlyCount "20"]
[EventDate "1990.09.08"]

1. e4 e6 2. d3 d5 3. Nd2 c5 4. g3 Nc6 5. Bg2 Nf6 6. Ngf3 Be7 7. O-O O-O 8. Re1
Kh8 9. c3 Rb8 10. e5 Ng8 1/2-1/2

[Event "III Open FIDE"]
[Site "Forli' ITA"]
[Date "1990.09.14"]
[Round "7"]
[White "Cvitan, Ognjen"]
[Black "Polaczek, Richard"]
[WhiteElo "2515"]
[BlackElo "2420"]
[Result "1-0"]
[PlyCount "65"]
[EventDate "1990.09.08"]

1. d4 d5 2. c4 e6 3. Nc3 Nf6 4. Bg5 Be7 5. e3 O-O 6. Nf3 h6 7. Bh4 b6 8. Be2
Bb7 9. Bxf6 Bxf6 10. cxd5 exd5 11. O-O Qd6 12. Rc1 a6 13. Bd3 Re8 14. Re1 c5
15. dxc5 bxc5 16. Na4 Nd7 17. Bf5 Bc6 18. Bxd7 Bxd7 19. Nxc5 Bxb2 20. Rc2 Bg4
21. Rxb2 Bxf3 22. Qxf3 Qxc5 23. Rb7 Rf8 24. Rd1 Rab8 25. Rd7 Rb2 26. R7xd5 Qa3
27. Rd8 Rxa2 28. h4 Kh7 29. h5 f5 30. Rxf8 Qxf8 31. Rd5 Rb2 32. Rxf5 Qe7 33. g3
1-0

[Event "III Open FIDE"]
[Site "Forli' ITA"]
[Date "1990.09.14"]
[Round "7"]
[White "Drei, Andrea"]
[Black "Antonsen, Mikkel"]
[WhiteElo "2265"]
[BlackElo "2355"]
[Result "0-1"]
[PlyCount "78"]
[EventDate "1990.09.08"]

1. e4 e6 2. d4 d5 3. Nc3 Bb4 4. e5 Ne7 5. a3 Bxc3+ 6. bxc3 c5 7. Nf3 b6 8. a4
Ba6 9. Bb5+ Bxb5 10. axb5 Qd7 11. Rb1 a6 12. bxa6 Qc7 13. dxc5 bxc5 14. Rb7 Qa5
15. Bg5 Nec6 16. O-O h6 17. Bh4 Qxa6 18. Rb1 O-O 19. Qd2 Nd7 20. Qe3 Rfb8 21.
h3 Qa2 22. Rbc1 Qc4 23. Qd3 Ndxe5 24. Nxe5 Nxe5 25. Qe3 Qxh4 26. Qxe5 Qf6 27.
Qe3 Ra3 28. Qxc5 Rxc3 29. Qa7 Rbc8 30. Rcd1 Rxc2 31. Rd3 Rc1 32. Rxc1 Rxc1+ 33.
Kh2 Qe5+ 34. Rg3 h5 35. Qe7 g6 36. h4 Kg7 37. Qa3 Rc4 38. Qe7 Qf6 39. Qe8 Rxh4+
0-1

[Event "III Open FIDE"]
[Site "Forli' ITA"]
[Date "1990.09.14"]
[Round "7"]
[White "Grassi, Mario"]
[Black "Lagrotteria, Salvatore"]
[WhiteElo "2210"]
[BlackElo "2240"]
[Result "1-0"]
[PlyCount "75"]
[EventDate "1990.09.08"]

1. Nf3 Nf6 2. b3 e6 3. Bb2 b6 4. g3 Bb7 5. Bg2 Be7 6. O-O c5 7. c4 d6 8. e3 O-O
9. d4 cxd4 10. Nxd4 Bxg2 11. Kxg2 a6 12. Qf3 Ra7 13. Nc3 Qc8 14. Rfd1 Nfd7 15.
Rac1 Ne5 16. Qe2 Rc7 17. Kg1 Qb7 18. f4 Nbc6 19. Nf3 Nb4 20. a3 Nbc6 21. Ne4
Na5 22. Ned2 Rd8 23. b4 Nac6 24. Nb3 Nd7 25. Nfd4 Nf6 26. Qg2 Qc8 27. b5 Nxd4
28. Nxd4 Ne8 29. Nc6 Rdd7 30. e4 Bf6 31. Bxf6 Nxf6 32. e5 Ne8 33. a4 g6 34. Qe4
Kh8 35. exd6 Rxc6 36. bxc6 f5 37. Qe5+ Rg7 38. d7 1-0

[Event "III Open FIDE"]
[Site "Forli' ITA"]
[Date "1990.09.14"]
[Round "7"]
[White "Joksic, Sinisa"]
[Black "Bretsnajdr, Vladimir"]
[WhiteElo "2320"]
[BlackElo "2315"]
[Result "1-0"]
[PlyCount "51"]
[EventDate "1990.09.08"]

1. d4 e6 2. e4 d5 3. Nd2 Nf6 4. e5 Nfd7 5. Ngf3 c5 6. c3 Nc6 7. Bd3 Be7 8. O-O
Qb6 9. dxc5 Qc7 10. Nb3 Ncxe5 11. Bf4 Nxf3+ 12. Qxf3 Qc6 13. a4 Bxc5 14. Bb5
Qb6 15. Qg3 a6 16. Bc7 Qa7 17. Qxg7 Rf8 18. Qg3 Be7 19. Rfd1 b6 20. Bc6 Bb7 21.
Nd4 Rc8 22. Nf5 exf5 23. Re1 f6 24. Qg7 Rf7 25. Qg8+ Rf8 26. Qe6 1-0

[Event "III Open FIDE"]
[Site "Forli' ITA"]
[Date "1990.09.14"]
[Round "7"]
[White "Kaiser, Dieter"]
[Black "Hug, Marcel"]
[WhiteElo "2290"]
[BlackElo "2265"]
[Result "1/2-1/2"]
[PlyCount "42"]
[EventDate "1990.09.08"]

1. d4 Nf6 2. c4 g6 3. Nc3 Bg7 4. e4 d6 5. Be2 O-O 6. Bg5 c5 7. d5 e6 8. Qd2
exd5 9. exd5 Re8 10. Nf3 Nbd7 11. O-O Nf8 12. Rae1 Bg4 13. h3 Bxf3 14. Bxf3
Rxe1 15. Rxe1 Qd7 16. Qf4 Re8 17. Rxe8 Nxe8 18. Bg4 f5 19. Bd1 Be5 20. Qe3 Qf7
21. Ba4 Nd7 1/2-1/2

[Event "III Open FIDE"]
[Site "Forli' ITA"]
[Date "1990.09.14"]
[Round "7"]
[White "Malaniuk, Vladimir P."]
[Black "Tatai, Stefano"]
[WhiteElo "2480"]
[BlackElo "2415"]
[Result "1-0"]
[PlyCount "51"]
[EventDate "1990.09.08"]

1. d4 Nf6 2. c4 e6 3. Nc3 d5 4. cxd5 exd5 5. Bg5 Nbd7 6. e3 Be7 7. Bd3 c6 8.
Qc2 O-O 9. Nge2 Re8 10. O-O Nf8 11. f3 h6 12. Bh4 Ne6 13. Rad1 Bd7 14. Kh1 Rc8
15. Qd2 Rf8 16. Bc2 Nh5 17. Qd3 g6 18. Bxe7 Qxe7 19. e4 Qg5 20. g3 Rcd8 21.
exd5 Neg7 22. Ne4 Qe7 23. d6 Qe8 24. g4 f5 25. gxh5 fxe4 26. fxe4 1-0

[Event "III Open FIDE"]
[Site "Forli' ITA"]
[Date "1990.09.14"]
[Round "7"]
[White "Mauro, Alan"]
[Black "Casadei, Mauro"]
[WhiteElo "2225"]
[BlackElo "2205"]
[Result "1-0"]
[PlyCount "59"]
[EventDate "1990.09.08"]

1. e4 c5 2. Nf3 Nc6 3. c3 e6 4. d4 cxd4 5. cxd4 d5 6. e5 Qb6 7. Be2 Nh6 8. b3
Nf5 9. Bb2 Bb4+ 10. Kf1 O-O 11. g4 Nh6 12. Rg1 f6 13. exf6 Rxf6 14. g5 Rxf3 15.
gxh6 Rf7 16. Bd3 Ne5 17. Bxh7+ Kxh7 18. Qc2+ Kg8 19. dxe5 Bd7 20. Rxg7+ Rxg7
21. hxg7 Bb5+ 22. Kg1 Kxg7 23. Nc3 Bxc3 24. Qxc3 Rg8 25. Kh1 Kf7 26. Qf3+ Ke8
27. Qh5+ Kd8 28. Qh4+ Ke8 29. Qh7 Rf8 30. Ba3 1-0

[Event "III Open FIDE"]
[Site "Forli' ITA"]
[Date "1990.09.14"]
[Round "7"]
[White "Pieri, Filippo"]
[Black "Soylu, Suat"]
[WhiteElo "2305"]
[BlackElo "2320"]
[Result "0-1"]
[PlyCount "80"]
[EventDate "1990.09.08"]

1. e4 c5 2. Nf3 Nc6 3. d4 cxd4 4. Nxd4 g6 5. Nc3 Bg7 6. Be3 Nf6 7. Nxc6 bxc6 8.
e5 Ng8 9. f4 Nh6 10. Qd2 O-O 11. O-O-O d6 12. exd6 exd6 13. Bd4 Bxd4 14. Qxd4
Nf5 15. Qd2 d5 16. g4 Nd6 17. f5 gxf5 18. Qh6 fxg4 19. h3 Nf5 20. Qxc6 Be6 21.
hxg4 Qg5+ 22. Kb1 Ne3 23. Re1 Bxg4 24. Bd3 h5 25. Rxe3 Qxe3 26. Nxd5 Qe6 27.
Qc5 Rfe8 28. a3 Qe5 29. Qc6 Kg7 30. Rf1 Rab8 31. b3 Rec8 32. Rxf7+ Kxf7 33.
Qg6+ Kf8 34. Qh6+ Ke8 35. Qg6+ Kd8 36. Qg8+ Kd7 37. Qf7+ Kd6 38. Nf6 Be6 39.
Qg7 Rxb3+ 40. cxb3 Qe1+ 0-1

[Event "III Open FIDE"]
[Site "Forli' ITA"]
[Date "1990.09.14"]
[Round "7"]
[White "Pozzi, Enrico"]
[Black "Vezzosi, Paolo"]
[WhiteElo "2255"]
[BlackElo "2325"]
[Result "1/2-1/2"]
[PlyCount "120"]
[EventDate "1990.09.08"]

1. e4 e6 2. d4 d5 3. exd5 exd5 4. c4 Nf6 5. Nc3 Be7 6. cxd5 Nxd5 7. Bc4 Nb6 8.
Bd3 Nc6 9. Nge2 Bg4 10. Be3 Bh5 11. a3 O-O 12. Qc2 Bg6 13. O-O Qd7 14. Rfd1
Rfe8 15. Ng3 Nd5 16. Bf5 Nxe3 17. fxe3 Qd8 18. Bxg6 hxg6 19. Rd3 Bg5 20. Nf1
Qd7 21. Na4 b6 22. Rc1 Ne7 23. Re1 Nf5 24. b3 Re7 25. Nb2 Rae8 26. Nc4 Bf6 27.
Red1 Qd5 28. a4 Re4 29. Qf2 Bg5 30. Qf3 Nh4 31. Qh3 Nf5 32. Qf3 Nh4 33. Qg3 Qf5
34. Qf2 Rg4 35. Ng3 Qd5 36. R1d2 f6 37. h3 Rxg3 38. Qxg3 a6 39. Qxc7 b5 40.
axb5 axb5 41. Qa5 Rb8 42. Nb2 Qe4 43. Qc3 Ra8 44. Nd1 f5 45. Qc2 Ra1 46. Kh2
Be7 47. Rf2 Bd6+ 48. Kg1 Bg3 49. Rf1 Rc1 50. Qd2 b4 51. Nb2 Bh2+ 52. Kxh2 Rxf1
53. Qe2 Rb1 54. Rd1 Rxd1 55. Nxd1 g5 56. Qf2 Qd3 57. g3 Qxd1 58. gxh4 Qxb3 59.
hxg5 Qd3 60. g6 b3 1/2-1/2

[Event "III Open FIDE"]
[Site "Forli' ITA"]
[Date "1990.09.14"]
[Round "7"]
[White "Schneider, Bernd"]
[Black "Rossi, Carlo"]
[WhiteElo "2280"]
[BlackElo "2280"]
[Result "1-0"]
[PlyCount "71"]
[EventDate "1990.09.08"]

1. e4 c5 2. Nf3 Nc6 3. d4 cxd4 4. Nxd4 g6 5. c4 Bg7 6. Nc2 a6 7. Be2 b5 8. O-O
Nf6 9. cxb5 axb5 10. Bxb5 Qb6 11. Qe2 O-O 12. Nc3 d6 13. Be3 Qb7 14. Nd5 Nxd5
15. exd5 Ne5 16. Nb4 Rb8 17. a4 Bd7 18. Nc6 Nxc6 19. dxc6 Bxc6 20. Bxc6 Qxc6
21. Ra2 Qd5 22. Rfa1 Qb3 23. Qd1 Bxb2 24. Qxb3 Rxb3 25. Rb1 Rfb8 26. Kf1 d5 27.
a5 d4 28. Bf4 Bc3 29. Rxb3 Rxb3 30. a6 d3 31. g3 Rb1+ 32. Kg2 Bd4 33. a7 Bxa7
34. Rxa7 Re1 35. Rd7 e5 36. Bd2 1-0

[Event "III Open FIDE"]
[Site "Forli' ITA"]
[Date "1990.09.14"]
[Round "7"]
[White "Tagnon, Nicole"]
[Black "Magalotti, Andrea"]
[WhiteElo "2130"]
[BlackElo "2250"]
[Result "0-1"]
[PlyCount "66"]
[EventDate "1990.09.08"]

1. e4 Nf6 2. e5 Nd5 3. d4 d6 4. Bc4 Nb6 5. Bb3 d5 6. Ne2 Bg4 7. f3 Bf5 8. Nbc3
a5 9. Nf4 e6 10. a3 c5 11. Nce2 h5 12. Be3 c4 13. Ba2 g5 14. Nxh5 Rxh5 15. g4
Rh3 16. gxf5 Rxf3 17. Qd2 g4 18. f6 Na4 19. Rg1 Nd7 20. Rxg4 Qb6 21. b3 Nxe5
22. dxe5 Rxe3 23. bxa4 Qb2 24. Qxe3 Qxa1+ 25. Nc1 d4 26. Qf4 O-O-O 27. Kf2 Bc5
28. Kg2 d3 29. cxd3 cxd3 30. Qd2 Be3 31. Rc4+ Kb8 32. Qxe3 Qb2+ 33. Kg3 d2 0-1

[Event "III Open FIDE"]
[Site "Forli' ITA"]
[Date "1990.09.15"]
[Round "8"]
[White "Bretsnajdr, Vladimir"]
[Black "Drei, Andrea"]
[WhiteElo "2315"]
[BlackElo "2265"]
[Result "1-0"]
[PlyCount "59"]
[EventDate "1990.09.08"]

1. d4 Nf6 2. c4 g6 3. Nf3 Bg7 4. g3 d6 5. Bg2 O-O 6. O-O Nc6 7. Nc3 a6 8. h3
Rb8 9. Bg5 b5 10. cxb5 axb5 11. d5 Na5 12. b4 Nc4 13. Nd4 Bd7 14. e3 Qe8 15.
Qe2 e6 16. Bxf6 Bxf6 17. a4 exd5 18. Rad1 c5 19. Nxd5 Bg7 20. bxc5 dxc5 21. Nc7
Qd8 22. Ncxb5 Nb2 23. Rd2 Bxb5 24. Nxb5 Qf6 25. Ra1 c4 26. Ra3 Nxa4 27. Qxc4
Nc3 28. Nxc3 Rbc8 29. Qd4 Qe6 30. Qd3 1-0

[Event "III Open FIDE"]
[Site "Forli' ITA"]
[Date "1990.09.15"]
[Round "8"]
[White "Casadei, Mauro"]
[Black "Kaiser, Dieter"]
[WhiteElo "2205"]
[BlackElo "2290"]
[Result "1/2-1/2"]
[PlyCount "39"]
[EventDate "1990.09.08"]

1. d4 Nf6 2. c4 e6 3. Nc3 Bb4 4. Bg5 h6 5. Bh4 c5 6. d5 Bxc3+ 7. bxc3 d6 8. e3
e5 9. f3 Nbd7 10. Bd3 Qe7 11. Qc2 Kd8 12. Bf5 Nb6 13. Bxc8 Kxc8 14. Qb3 e4 15.
Bxf6 Qxf6 16. f4 Kc7 17. Ne2 h5 18. O-O Nd7 19. Rab1 Rhb8 20. a4 1/2-1/2

[Event "III Open FIDE"]
[Site "Forli' ITA"]
[Date "1990.09.15"]
[Round "8"]
[White "Cvitan, Ognjen"]
[Black "Atalik, Suat"]
[WhiteElo "2515"]
[BlackElo "2415"]
[Result "1-0"]
[PlyCount "117"]
[EventDate "1990.09.08"]

1. d4 d5 2. c4 e6 3. Nc3 Be7 4. Nf3 Nf6 5. Bg5 h6 6. Bh4 O-O 7. e3 b6 8. Be2
Bb7 9. Bxf6 Bxf6 10. cxd5 exd5 11. O-O Re8 12. b4 c6 13. Qb3 Qd6 14. Bd3 Nd7
15. Rfe1 Be7 16. Rab1 a5 17. a3 axb4 18. axb4 Bf8 19. h3 g6 20. e4 Bg7 21. e5
Qe6 22. Ne2 Nf8 23. Nf4 Qd7 24. Rbc1 Rac8 25. Rc2 Ne6 26. Nxe6 Qxe6 27. Ra1 Ra8
28. Rca2 b5 29. Bc2 Rxa2 30. Rxa2 Ra8 31. Rxa8+ Bxa8 32. Ne1 Bb7 33. Nd3 Qe8
34. Nf4 Bc8 35. h4 Qe7 36. g3 Bf8 37. Nd3 Qa7 38. Qc3 Bf5 39. Nf4 Bxc2 40. Qxc2
Qa1+ 41. Kh2 Qxd4 42. e6 Qf6 43. Qxc6 fxe6 44. Qxb5 g5 45. hxg5 hxg5 46. Nd3
Qf5 47. Kg1 Qe4 48. Nc5 Qe1+ 49. Kg2 Kf7 50. Qd7+ Be7 51. b5 Kf6 52. Qc6 Bxc5
53. Qxc5 Qe4+ 54. Kf1 d4 55. Qb4 g4 56. b6 Qh1+ 57. Ke2 Qf3+ 58. Ke1 d3 59.
Qf8+ 1-0

[Event "III Open FIDE"]
[Site "Forli' ITA"]
[Date "1990.09.15"]
[Round "8"]
[White "Grassi, Mario"]
[Black "Magalotti, Andrea"]
[WhiteElo "2210"]
[BlackElo "2250"]
[Result "1-0"]
[PlyCount "107"]
[EventDate "1990.09.08"]

1. Nf3 c5 2. b3 d6 3. Bb2 e5 4. e4 g6 5. Bc4 Bg7 6. O-O Nh6 7. d4 cxd4 8. c3
Nc6 9. cxd4 Bg4 10. h3 Bxf3 11. Qxf3 O-O 12. dxe5 Nxe5 13. Qe2 Qh4 14. Nd2 Nxc4
15. Nf3 Qf4 16. Bxg7 Kxg7 17. Qxc4 Rac8 18. Qd3 Rfe8 19. Rfe1 Ng8 20. Rad1 Re6
21. Nd4 Rf6 22. f3 a6 23. Ne2 Qe5 24. Rc1 Rc5 25. Nc3 Ne7 26. b4 Rc7 27. a4 Re6
28. a5 h6 29. Qd2 g5 30. Red1 Kh7 31. Nd5 Nxd5 32. Qxd5 Qxd5 33. exd5 Ree7 34.
Kf2 Rxc1 35. Rxc1 Re5 36. Rc7 Kg6 37. Rxb7 Rxd5 38. Rb6 Rd2+ 39. Ke3 Rb2 40. g4
f6 41. Ke4 Rb3 42. Rxd6 Rxb4+ 43. Ke3 Rf4 44. h4 h5 45. hxg5 Kxg5 46. gxh5 Rf5
47. Rxa6 Kxh5 48. Ra8 Rb5 49. a6 Re5+ 50. Kd4 Re7 51. a7 Rh7 52. Kc5 Kh4 53.
Kb6 f5 54. Rg8 1-0

[Event "III Open FIDE"]
[Site "Forli' ITA"]
[Date "1990.09.15"]
[Round "8"]
[White "Guerra, Ugo"]
[Black "Schneider, Bernd"]
[WhiteElo "2340"]
[BlackElo "2280"]
[Result "0-1"]
[PlyCount "74"]
[EventDate "1990.09.08"]

1. e4 c5 2. Nf3 e6 3. d4 cxd4 4. Nxd4 a6 5. Be2 Qc7 6. O-O Nf6 7. Nc3 b5 8. f3
Bc5 9. Kh1 Bb7 10. Nb3 Ba7 11. Bxb5 axb5 12. Nxb5 Qb6 13. Nd6+ Kf8 14. Bf4 h5
15. c4 h4 16. Nb5 Na6 17. a4 Nh5 18. c5 Qd8 19. Bd6+ Kg8 20. Kg1 Bb8 21. Qd2
Bc6 22. Rfc1 Qf6 23. N3d4 Nf4 24. b4 Rh5 25. Qxf4 Qxf4 26. Bxf4 Bxf4 27. Rcb1
Bd2 28. Nc2 Nxb4 29. Nxb4 Bxb5 30. axb5 Rxa1 31. Rxa1 Bxb4 32. Ra8+ Kh7 33. c6
dxc6 34. bxc6 Rc5 35. Rc8 Rc2 36. Kf1 Bd6 37. h3 Bg3 0-1

[Event "III Open FIDE"]
[Site "Forli' ITA"]
[Date "1990.09.15"]
[Round "8"]
[White "Marinelli, Tullio"]
[Black "Stelzer, Harald"]
[WhiteElo "2355"]
[BlackElo "2240"]
[Result "1-0"]
[PlyCount "45"]
[EventDate "1990.09.08"]

1. d4 Nf6 2. c4 g6 3. Nc3 d5 4. Nf3 Bg7 5. Qb3 dxc4 6. Qxc4 O-O 7. e4 a6 8. Qb3
b5 9. e5 c5 10. exf6 exf6 11. dxc5 Qe7+ 12. Be3 Be6 13. Qc2 b4 14. Na4 Nc6 15.
Bc4 b3 16. axb3 Bf5 17. Qe2 Bg4 18. h3 Bxf3 19. Qxf3 Nd4 20. Qd1 Nf5 21. Qe2
Rfe8 22. O-O Qc7 23. Qf3 1-0

[Event "III Open FIDE"]
[Site "Forli' ITA"]
[Date "1990.09.15"]
[Round "8"]
[White "Oesterle, Peter"]
[Black "Berg, Klaus"]
[WhiteElo "2260"]
[BlackElo "2445"]
[Result "0-1"]
[PlyCount "68"]
[EventDate "1990.09.08"]

1. e4 c6 2. d4 d5 3. e5 Bf5 4. Nc3 Qb6 5. Nge2 e6 6. Ng3 Bg6 7. h4 h6 8. Nce2
c5 9. Nf4 cxd4 10. Nxg6 fxg6 11. Bd3 Ne7 12. Qg4 Kf7 13. Qf4+ Ke8 14. Qg4 Kf7
15. h5 gxh5 16. Qxh5+ g6 17. Qf3+ Kg8 18. Qg4 Nd7 19. Bf4 Kf7 20. O-O-O Bg7 21.
Qf3 Kg8 22. Qg4 Rf8 23. Ne2 g5 24. Bg3 Nxe5 25. Bxe5 Bxe5 26. Rdf1 Bf4+ 27. Kb1
e5 28. g3 Bd2 29. f4 e4 30. fxg5 exd3 31. Rf6 h5 32. Qf3 Rxf6 33. gxf6 dxe2 34.
fxe7 Qd6 0-1

[Event "III Open FIDE"]
[Site "Forli' ITA"]
[Date "1990.09.15"]
[Round "8"]
[White "Polaczek, Richard"]
[Black "Gutman, Lev"]
[WhiteElo "2420"]
[BlackElo "2450"]
[Result "1-0"]
[PlyCount "75"]
[EventDate "1990.09.08"]

1. d4 Nf6 2. c4 g6 3. Nf3 Bg7 4. Nc3 d5 5. cxd5 Nxd5 6. Bg5 Nxc3 7. bxc3 c5 8.
e3 Nc6 9. Qd2 Bf5 10. Be2 Be4 11. O-O O-O 12. Rac1 Qd7 13. Rfd1 Rfd8 14. Qb2
cxd4 15. cxd4 Rac8 16. Qa3 Bd5 17. h3 f6 18. Bh4 Bf8 19. Qb2 Na5 20. Nd2 b6 21.
e4 Bc6 22. Ba6 Bb7 23. Bxb7 Qxb7 24. d5 Rxc1 25. Rxc1 f5 26. Nb3 Bg7 27. Nxa5
Qb8 28. Qb3 bxa5 29. Bxe7 Qxb3 30. axb3 Rd7 31. d6 Kf7 32. exf5 gxf5 33. Rc7
Ke6 34. Rxd7 Kxd7 35. g4 fxg4 36. hxg4 Bd4 37. Kg2 Bc5 38. f4 1-0

[Event "III Open FIDE"]
[Site "Forli' ITA"]
[Date "1990.09.15"]
[Round "8"]
[White "Sakhatova, Gulnar"]
[Black "Vezzosi, Paolo"]
[WhiteElo "2315"]
[BlackElo "2325"]
[Result "1/2-1/2"]
[PlyCount "49"]
[EventDate "1990.09.08"]

1. d4 Nf6 2. c4 e6 3. Nf3 Bb4+ 4. Bd2 Qe7 5. g3 Nc6 6. Nc3 O-O 7. Bg2 d5 8. a3
Bxc3 9. Bxc3 Rd8 10. O-O a5 11. Nd2 e5 12. dxe5 Nxe5 13. cxd5 Nxd5 14. Bxe5
Qxe5 15. Nc4 Qh5 16. e4 Bg4 17. Qb3 Nf6 18. Qxb7 Qc5 19. e5 Qxc4 20. exf6 Rab8
21. Qa7 Rxb2 22. Qxa5 gxf6 23. Rac1 Rc2 24. Rxc2 Qxc2 25. Qb4 1/2-1/2

[Event "III Open FIDE"]
[Site "Forli' ITA"]
[Date "1990.09.15"]
[Round "8"]
[White "Tatai, Stefano"]
[Black "Votruba, Pavel"]
[WhiteElo "2415"]
[BlackElo "2315"]
[Result "1/2-1/2"]
[PlyCount "44"]
[EventDate "1990.09.08"]

1. e4 e6 2. d4 d5 3. Nc3 Nf6 4. Bg5 dxe4 5. Nxe4 Be7 6. Bxf6 Bxf6 7. Nf3 O-O 8.
c3 Nd7 9. Bd3 b6 10. O-O Bb7 11. Qe2 Be7 12. Ba6 Qc8 13. Bxb7 Qxb7 14. a4 a5
15. Rfe1 Rad8 16. Qc2 h6 17. Ned2 Bf6 18. Re3 g6 19. Rae1 Bg7 20. Nc4 Qd5 21.
Nce5 Nxe5 22. dxe5 Rd7 1/2-1/2

[Event "III Open FIDE"]
[Site "Forli' ITA"]
[Date "1990.09.15"]
[Round "8"]
[White "Testa, Armando"]
[Black "Tagnon, Nicole"]
[WhiteElo "2220"]
[BlackElo "2130"]
[Result "1-0"]
[PlyCount "89"]
[EventDate "1990.09.08"]

1. d4 c5 2. dxc5 e6 3. Nc3 Nf6 4. e4 Nc6 5. Be3 Qa5 6. Bd3 Bxc5 7. Qd2 Bxe3 8.
Qxe3 d5 9. Nge2 dxe4 10. Bxe4 Nxe4 11. Qxe4 O-O 12. O-O a6 13. Rad1 Qc7 14. Rd3
Ne5 15. Rh3 Ng6 16. Rd1 Bd7 17. Nd4 Rfd8 18. Rdd3 Rac8 19. Rhg3 Qe5 20. Rge3
Qxe4 21. Rxe4 e5 22. Nb3 Bc6 23. Rxd8+ Rxd8 24. Re1 b6 25. f3 f6 26. Kf2 a5 27.
Rd1 Rxd1 28. Nxd1 Nf4 29. Ne3 Nd5 30. Nd2 Kf7 31. Ndc4 Ke6 32. b3 a4 33. Nxd5
axb3 34. axb3 Kxd5 35. Nxb6+ Kc5 36. Nc4 Kb4 37. Ke2 Bb5 38. Kd3 Ba6 39. g4 g6
40. h4 h6 41. Ke4 Bxc4 42. bxc4 Kxc4 43. h5 g5 44. Kf5 Kd4 45. Kxf6 1-0

[Event "III Open FIDE"]
[Site "Forli' ITA"]
[Date "1990.09.16"]
[Round "9"]
[White "Arduman, Can"]
[Black "Barbero, Gerardo F."]
[WhiteElo "2375"]
[BlackElo "2475"]
[Result "1/2-1/2"]
[PlyCount "117"]
[EventDate "1990.09.08"]

1. d4 Nf6 2. Nf3 g6 3. c4 Bg7 4. g3 O-O 5. Bg2 d6 6. O-O Nbd7 7. Nc3 e5 8. h3
c6 9. dxe5 dxe5 10. Be3 Qe7 11. Qa4 Re8 12. Qa5 Bf8 13. Rfc1 Nc5 14. b4 Nce4
15. Nxe4 Nxe4 16. Rab1 Nd6 17. Nd2 Bd7 18. Nb3 b6 19. Qa6 Nf5 20. Bd2 e4 21. e3
h5 22. Bc3 Qg5 23. Nd2 Nxg3 24. fxg3 Qxe3+ 25. Kh2 h4 26. Nf1 hxg3+ 27. Nxg3
Bd6 28. Be1 Bc7 29. Rd1 Be6 30. Rb3 Qf4 31. Kg1 e3 32. Rdd3 Bxc4 33. Qa3 Qg5
34. h4 Qxh4 35. Rxe3 Bxb3 36. Qxb3 Qd4 37. Bf2 Rxe3 38. Bxe3 Qe5 39. Nf1 Qf6
40. Qc4 Rd8 41. Qxc6 Qe5 42. Qc2 Bd6 43. Qc4 Qe7 44. b5 Be5 45. Qb3 Bd4 46.
Bxd4 Rxd4 47. Qe3 Qf6 48. Nd2 Rd8 49. Ne4 Rd1+ 50. Kh2 Qe5+ 51. Qg3 Qxb5 52.
Nf6+ Kg7 53. Qc3 Qd3 54. Nh5+ Kh6 55. Qh8+ Kg5 56. Qe5+ Kh6 57. Qh8+ Kg5 58.
Qe5+ Kh6 59. Qh8+ 1/2-1/2

[Event "III Open FIDE"]
[Site "Forli' ITA"]
[Date "1990.09.16"]
[Round "9"]
[White "Bode, Ulf"]
[Black "Marinelli, Tullio"]
[WhiteElo "2250"]
[BlackElo "2355"]
[Result "0-1"]
[PlyCount "72"]
[EventDate "1990.09.08"]

1. d4 Nf6 2. c4 e6 3. Nc3 Bb4 4. Qc2 b6 5. a3 Bxc3+ 6. Qxc3 Bb7 7. Bg5 h6 8.
Bh4 g5 9. Bg3 Ne4 10. Qc2 h5 11. Be5 f6 12. d5 fxe5 13. Qxe4 Qf6 14. Nf3 d6 15.
h4 gxh4 16. Rd1 Nd7 17. e3 O-O-O 18. Be2 Rhg8 19. Nxh4 Rdf8 20. Qf3 Qg7 21. Qh3
exd5 22. cxd5 Kb8 23. Bxh5 Nf6 24. Bf3 e4 25. Be2 Nxd5 26. Rd2 Qf6 27. Bh5 Rg5
28. g4 Ne7 29. Ng2 Nc6 30. Nf4 Ne5 31. Rc2 Nd3+ 32. Nxd3 exd3 33. Rd2 Bxh1 34.
Qxh1 Rc5 35. Kd1 Qe6 36. Rxd3 Qa2 0-1

[Event "III Open FIDE"]
[Site "Forli' ITA"]
[Date "1990.09.16"]
[Round "9"]
[White "Gutman, Lev"]
[Black "Pieri, Filippo"]
[WhiteElo "2450"]
[BlackElo "2305"]
[Result "1-0"]
[PlyCount "53"]
[EventDate "1990.09.08"]

1. Nf3 c5 2. g3 g6 3. Bg2 Bg7 4. d4 cxd4 5. Nxd4 Nc6 6. Nxc6 bxc6 7. O-O Nf6 8.
Nd2 O-O 9. Nb3 Qc7 10. Bd2 Rb8 11. Ba5 Qe5 12. Bc3 Qh5 13. Nc1 d6 14. Nd3 e5
15. Nb4 Bh3 16. f3 Bxg2 17. Kxg2 Rxb4 18. Bxb4 Nd5 19. Bd2 f5 20. c4 Nf6 21. h3
g5 22. g4 fxg4 23. fxg4 Nxg4 24. Rxf8+ Kxf8 25. e4 Nf6 26. Qxh5 Nxh5 27. Bxg5
1-0

[Event "III Open FIDE"]
[Site "Forli' ITA"]
[Date "1990.09.16"]
[Round "9"]
[White "Joksic, Sinisa"]
[Black "Polaczek, Richard"]
[WhiteElo "2320"]
[BlackElo "2420"]
[Result "1-0"]
[PlyCount "107"]
[EventDate "1990.09.08"]

1. g3 d5 2. f4 g6 3. Nf3 Bg7 4. Bg2 Nf6 5. d3 O-O 6. O-O b6 7. Nh4 Bb7 8. Nc3
Na6 9. a4 Nc5 10. b4 Ng4 11. Qe1 Ne6 12. h3 Nf6 13. a5 a6 14. Bb2 b5 15. Nd1 c5
16. c3 Rc8 17. f5 Nc7 18. bxc5 e5 19. g4 e4 20. Bc1 Nd7 21. g5 Nxc5 22. Ba3
Qxg5 23. Bxc5 Be5 24. Be3 Qh5 25. f6 Ne6 26. Qf2 Rfd8 27. Rb1 Ng5 28. Bf4 Bxf4
29. Qxf4 Rc6 30. Qg4 Qxg4 31. hxg4 Bc8 32. dxe4 dxe4 33. Rf4 Rd2 34. Bxe4 Rcd6
35. Nf2 Rxe2 36. Bg2 Rdd2 37. c4 Ne6 38. Rf3 Bb7 39. cxb5 axb5 40. Rxb5 Bxf3
41. Nxf3 Ra2 42. Ne5 Reb2 43. Rxb2 Rxb2 44. a6 Ra2 45. Bb7 Nc7 46. g5 Ra5 47.
Nfg4 Kf8 48. Kf2 Ne6 49. Nc6 Ra2+ 50. Ke3 Ra3+ 51. Kd2 Nxg5 52. a7 Nf3+ 53. Kc1
h5 54. Nf2 1-0